[Event "4. Moscu Open 2008"]
[Site "Moscu RUS"]
[Date "2008.02.03"]
[Round "2.5"]
[White "Demchenko, Anton"]
[Black "Miroshnichenko, Evgenij"]
[Result "0-1"]
[WhiteElo "2491"]
[BlackElo "2647"]
[PlyCount "96"]
[EventDate "2008.02.02"]
[EventType "swiss"]
[EventRounds "9"]
[EventCountry "RUS"]
[Source "lmi"]
[SourceDate "2008.02.02"]

1. e4 c5 2. Nf3 d6 3. d4 cxd4 4. Nxd4 Nf6 5. Nc3 Nc6 6. Bg5 e6 7. Qd2 Be7 8.
O-O-O Nxd4 9. Qxd4 O-O 10. Kb1 Nxe4 11. Nxe4 Bxg5 12. Nxg5 Qxg5 13. Qxd6 Bd7
14. Qg3 Qxg3 15. hxg3 Bc6 16. Bd3 h6 17. f3 Rfd8 18. c3 Kf8 19. Kc2 Ke7 20.
Rhe1 Rd5 21. Bf1 Rad8 22. Rxd5 Rxd5 23. c4 Ra5 24. a3 h5 25. Re3 Rg5 26. f4 Rf5
27. Bd3 Rf6 28. Be2 h4 29. gxh4 Bxg2 30. Bf3 Rxf4 31. Bxg2 Rf2+ 32. Kc1 Rxg2
33. Rb3 b6 34. c5 bxc5 35. Rb7+ Kf6 36. Rxa7 Rh2 37. Rc7 Rxh4 38. Rxc5 g5 39.
b4 g4 40. Kd2 Rh2+ 41. Ke3 e5 42. b5 Rh3+ 43. Ke4 Rxa3 44. Rc6+ Kg5 45. Kxe5
Rb3 46. Rb6 f6+ 47. Kd4 g3 48. Rb8 Kf4 0-1

[Event "4. Moscu Open 2008"]
[Site "Moscu RUS"]
[Date "2008.02.03"]
[Round "2.6"]
[White "Areshchenko, Alexander"]
[Black "Danin, Alexandre"]
[Result "1/2-1/2"]
[WhiteElo "2645"]
[BlackElo "2480"]
[PlyCount "111"]
[EventDate "2008.02.02"]
[EventType "swiss"]
[EventRounds "9"]
[EventCountry "RUS"]
[Source "lmi"]
[SourceDate "2008.02.02"]

1. d4 Nf6 2. c4 g6 3. Nf3 Bg7 4. g3 d5 5. cxd5 Nxd5 6. Bg2 Nb6 7. O-O Nc6 8. e3
e5 9. Nc3 exd4 10. exd4 O-O 11. Bg5 f6 12. Bf4 Be6 13. Re1 Bf7 14. Ne4 Nd5 15.
Bd2 b6 16. Bh3 Nce7 17. Rc1 Re8 18. Qa4 Nf5 19. Bf1 Nd6 20. Nxd6 Qxd6 21. Qa6
Rxe1 22. Nxe1 Qd7 23. Bb5 Qg4 24. f4 g5 25. Be2 Qe6 26. fxg5 fxg5 27. Nf3 Re8
28. Re1 Qf5 29. Qd3 Qxd3 30. Bxd3 Rxe1+ 31. Bxe1 h6 32. Ne5 Be6 33. a3 c5 34.
Bf2 Ne7 35. Nf3 g4 36. Ne1 cxd4 37. Nc2 Nf5 38. b4 Kf7 39. Kf1 Ke7 40. Ke2 Kd6
41. Be4 Bc4+ 42. Kd2 Ke5 43. Bxf5 Kxf5 44. Bxd4 Bxd4 45. Nxd4+ Ke4 46. Nc6 a6
47. Ne7 Be6 48. Ke2 a5 49. bxa5 bxa5 50. Nc6 Bd5 51. Nxa5 h5 52. a4 Kd4 53. Kd2
Ke4 54. Ke2 Kd4 55. Kd2 Ke4 56. Ke2 1/2-1/2

[Event "4. Moscu Open 2008"]
[Site "Moscu RUS"]
[Date "2008.02.03"]
[Round "2.8"]
[White "Jobava, Baadur"]
[Black "Iskusnyh, Sergei"]
[Result "1-0"]
[WhiteElo "2643"]
[BlackElo "2478"]
[PlyCount "117"]
[EventDate "2008.02.02"]
[EventType "swiss"]
[EventRounds "9"]
[EventCountry "RUS"]
[Source "lmi"]
[SourceDate "2008.02.02"]

1. d4 d5 2. c4 c6 3. Nc3 Nf6 4. Nf3 dxc4 5. a4 e6 6. e3 c5 7. Bxc4 Nc6 8. O-O
cxd4 9. exd4 Be7 10. Qe2 O-O 11. Rd1 Nb4 12. Ne5 Bd7 13. Ne4 Nxe4 14. Qxe4 Bc6
15. Nxc6 bxc6 16. Ra3 Bf6 17. h4 a5 18. Rg3 Ra7 19. Bf4 Rd7 20. Be5 c5 21. h5
h6 22. Rdd3 Rxd4 23. Bxd4 Bxd4 24. Rd2 Kh8 25. b3 Qd6 26. Qg4 Qe5 27. Re2 Qd6
28. Rd2 Qe5 29. Kf1 Nc6 30. Bd3 f5 31. Qf3 Qd6 32. Bb5 Ne7 33. Qb7 e5 34. Qd7
Qf6 35. Rh3 e4 36. Re2 Qe5 37. Bc4 f4 38. Qe6 Qxe6 39. Bxe6 e3 40. fxe3 fxe3+
41. Rf3 Rxf3+ 42. gxf3 g5 43. Rg2 Kg7 44. Rg4 Kf6 45. Re4 Nc6 46. Bc8 Ne5 47.
Ke2 Ke7 48. Bh3 Kf6 49. f4 gxf4 50. Rxf4+ Kg5 51. Rf5+ Kh4 52. Bg2 Kg4 53. Be4
Kh4 54. Bf3 Kg3 55. Bd5 Nd7 56. Rf3+ Kh4 57. b4 Nf6 58. Bc4 Nxh5 59. bxa5 1-0

[Event "4. Moscu Open 2008"]
[Site "Moscu RUS"]
[Date "2008.02.03"]
[Round "2.9"]
[White "Melkumyan, Hrant"]
[Black "Moiseenko, Alexander"]
[Result "1/2-1/2"]
[WhiteElo "2485"]
[BlackElo "2643"]
[PlyCount "99"]
[EventDate "2008.02.02"]
[EventType "swiss"]
[EventRounds "9"]
[EventCountry "RUS"]
[Source "lmi"]
[SourceDate "2008.02.02"]

1. d4 Nf6 2. c4 e6 3. Nf3 Bb4+ 4. Nbd2 O-O 5. a3 Be7 6. e4 d5 7. Qc2 dxe4 8.
Nxe4 Nc6 9. Bd3 h6 10. Bf4 Nxd4 11. Nxd4 Qxd4 12. O-O-O Nxe4 13. Bxe4 Qb6 14.
Rd3 f5 15. Bf3 Bg5 16. Bxg5 hxg5 17. c5 Qb5 18. Rhd1 g4 19. Rb3 Qa4 20. Bxb7
Bxb7 21. Rxb7 Qc6 22. Qb3 Rad8 23. Re1 Rd5 24. Kb1 Rfd8 25. Rxa7 Kh7 26. Qa4
Qxc5 27. Rc1 Rd1 28. Rxd1 Rxd1+ 29. Qxd1 Qxa7 30. Qe2 Qb6 31. g3 Kg6 32. Ka2
Qc6 33. b3 Kf7 34. a4 Ke8 35. Qe5 g5 36. Kb2 Qb6 37. Kc3 Qxf2 38. Qxe6+ Kd8 39.
Qg8+ Kd7 40. Qxg5 Qc5+ 41. Kd2 Qd5+ 42. Kc2 Qc5+ 43. Kd2 Qd5+ 44. Kc2 Qc5+ 45.
Kb1 Qg1+ 46. Qc1 Qxh2 47. Qf4 Kc6 48. b4 Qe2 49. Kc1 Kb7 50. a5 1/2-1/2

[Event "4. Moscu Open 2008"]
[Site "Moscu RUS"]
[Date "2008.02.03"]
[Round "2.10"]
[White "Ulko, Jaroslav"]
[Black "Efimenko, Zahar"]
[Result "0-1"]
[WhiteElo "2482"]
[BlackElo "2638"]
[PlyCount "138"]
[EventDate "2008.02.02"]
[EventType "swiss"]
[EventRounds "9"]
[EventCountry "RUS"]
[Source "lmi"]
[SourceDate "2008.02.02"]

1. d4 Nf6 2. Nf3 e6 3. g3 c5 4. Bg2 cxd4 5. Nxd4 d5 6. O-O e5 7. Nb3 Be6 8. Bg5
Nbd7 9. e4 dxe4 10. Nc3 Qc7 11. Nxe4 Nxe4 12. Bxe4 h6 13. Bd2 Rd8 14. Qf3 b6
15. Rfe1 Be7 16. Bf5 Bxf5 17. Qxf5 O-O 18. Rad1 Rfe8 19. Bc3 f6 20. Qe6+ Kf8
21. Qf5 Qc6 22. Qg6 Kg8 23. Qh5 a5 24. Nd2 Nc5 25. Qg6 Qe6 26. b3 Qf7 27. Qg4
Ne6 28. Nc4 Bc5 29. a4 Ng5 30. Ne3 Qb7 31. Qc4+ Kh8 32. Rxd8 Rxd8 33. Rd1 Nf3+
34. Kf1 Nxh2+ 35. Kg1 Nf3+ 36. Kf1 Nd4 37. Bxd4 Bxd4 38. c3 Rc8 39. Qd5 Qxd5
40. Nxd5 Rc5 41. c4 Rc8 42. f4 Bc5 43. Re1 exf4 44. gxf4 Kg8 45. Re7 f5 46. Rb7
Rc6 47. Kg2 Re6 48. Rb8+ Kh7 49. Kf3 g5 50. Kg3 g4 51. Rc8 Kg6 52. Rg8+ Kf7 53.
Rc8 Re2 54. Rc6 Bf2+ 55. Kg2 Bd4+ 56. Kg3 Rb2 57. Rxh6 Rxb3+ 58. Kg2 Rb2+ 59.
Kg3 Rb3+ 60. Kg2 Ra3 61. Rh7+ Kg6 62. Rd7 Ra2+ 63. Kf1 Bc5 64. Rd8 Rxa4 65.
Rg8+ Kf7 66. Rg5 Rxc4 67. Rxf5+ Ke6 68. Re5+ Kd6 69. Rg5 Rd4 0-1

[Event "4. Moscu Open 2008"]
[Site "Moscu RUS"]
[Date "2008.02.03"]
[Round "2.11"]
[White "Naiditsch, Arkadij"]
[Black "Papin, Vasily"]
[Result "1-0"]
[WhiteElo "2638"]
[BlackElo "2475"]
[PlyCount "89"]
[EventDate "2008.02.02"]
[EventType "swiss"]
[EventRounds "9"]
[EventCountry "RUS"]
[Source "lmi"]
[SourceDate "2008.02.02"]

1. e4 c6 2. d4 d5 3. Nc3 dxe4 4. Nxe4 Bf5 5. Ng3 Bg6 6. Bc4 e6 7. N1e2 Bd6 8.
h4 h6 9. Nf4 Bxf4 10. Bxf4 Nf6 11. h5 Bh7 12. Qe2 Nd5 13. Bd2 Bxc2 14. Bxh6
Rxh6 15. Qxc2 Qa5+ 16. Qd2 Qxd2+ 17. Kxd2 Nf6 18. Rae1 Kf8 19. f4 Ne8 20. Ne4
Nd7 21. g4 Rd8 22. Ke3 Rh8 23. g5 Nb6 24. Bb3 Nd6 25. Nxd6 Rxd6 26. Rd1 Nd5+
27. Kf3 Ne7 28. Bc2 Nf5 29. Bxf5 exf5 30. Kg3 Ke7 31. Rde1+ Re6 32. Rxe6+ fxe6
33. Kf3 Kf7 34. Ke3 Rd8 35. a4 a5 36. Rh2 Rh8 37. Kd3 b5 38. h6 bxa4 39. h7 Kg6
40. Kc4 Rxh7 41. Rxh7 Kxh7 42. Kc5 Kg6 43. Kxc6 Kh5 44. Kd6 Kg4 45. Kxe6 1-0

[Event "4. Moscu Open 2008"]
[Site "Moscu RUS"]
[Date "2008.02.03"]
[Round "2.12"]
[White "Gabrielian, Artur"]
[Black "Najer, Evgeniy"]
[Result "1/2-1/2"]
[WhiteElo "2479"]
[BlackElo "2634"]
[PlyCount "115"]
[EventDate "2008.02.02"]
[EventType "swiss"]
[EventRounds "9"]
[EventCountry "RUS"]
[Source "lmi"]
[SourceDate "2008.02.02"]

1. e4 c5 2. Nf3 d6 3. d4 cxd4 4. Nxd4 Nf6 5. Nc3 a6 6. g3 Nc6 7. Bg2 Bd7 8. O-O
e6 9. Nb3 b5 10. a3 Be7 11. f4 h5 12. Qe2 Rc8 13. h3 Qc7 14. Re1 Kf8 15. Be3
Kg8 16. Bf2 Be8 17. a4 bxa4 18. Rxa4 Nb8 19. Raa1 e5 20. fxe5 dxe5 21. Nd5 Nxd5
22. exd5 Bd6 23. Rac1 Ba4 24. Nd2 f5 25. c4 e4 26. c5 Bb5 27. Qe3 Be5 28. Nc4
Bxc4 29. Rxc4 Rh6 30. Qg5 Rf8 31. b3 Qf7 32. Bd4 Rg6 33. Qxh5 Bxg3 34. Rf1 Be5
35. Kh1 Bxd4 36. Rxd4 Nd7 37. c6 Ne5 38. Rxe4 Rxg2 39. Qxf5 Rg5 40. Rxe5 Rxf5
41. Rexf5 Qxd5+ 42. Rxd5 Rxf1+ 43. Kg2 Rc1 44. Rd6 Rc3 45. b4 g5 46. Kf2 Kf7
47. Rh6 Kg7 48. Rd6 Kf7 49. Ke2 Rxh3 50. Kd2 Ke7 51. Rd7+ Ke8 52. Ra7 Kd8 53.
Kc2 g4 54. Rxa6 g3 55. Ra8+ Kc7 56. b5 g2 57. Ra7+ Kb6 58. Rg7 1/2-1/2

[Event "4. Moscu Open 2008"]
[Site "Moscu RUS"]
[Date "2008.02.03"]
[Round "2.13"]
[White "Riazantsev, Alexander"]
[Black "Yandemirov, Valeri"]
[Result "1-0"]
[WhiteElo "2628"]
[BlackElo "2461"]
[PlyCount "61"]
[EventDate "2008.02.02"]
[EventType "swiss"]
[EventRounds "9"]
[EventCountry "RUS"]
[Source "lmi"]
[SourceDate "2008.02.02"]

1. d4 Nf6 2. c4 g6 3. Nc3 d5 4. cxd5 Nxd5 5. e4 Nxc3 6. bxc3 Bg7 7. Bc4 O-O 8.
Ne2 Nc6 9. O-O Na5 10. Bd3 b6 11. Be3 Qd7 12. Rc1 Bb7 13. Qd2 Rfe8 14. Bh6 Bh8
15. e5 c5 16. Qg5 cxd4 17. cxd4 e6 18. h4 Nc6 19. Rfd1 Ne7 20. h5 Rac8 21. Rxc8
Bxc8 22. Nf4 Qxd4 23. Bc2 Qc5 24. hxg6 Qxc2 25. Rd8 Rxd8 26. g7 Rd1+ 27. Kh2
Nf5 28. gxh8=Q+ Kxh8 29. Nh5 f6 30. Qxf6+ Kg8 31. Qf8# 1-0

[Event "4. Moscu Open 2008"]
[Site "Moscu RUS"]
[Date "2008.02.03"]
[Round "2.15"]
[White "Volkov, Sergey"]
[Black "Demin, Vladimir"]
[Result "1-0"]
[WhiteElo "2623"]
[BlackElo "2459"]
[PlyCount "27"]
[EventDate "2008.02.02"]
[EventType "swiss"]
[EventRounds "9"]
[EventCountry "RUS"]
[Source "lmi"]
[SourceDate "2008.02.02"]

1. d4 d5 2. c4 c6 3. Nf3 Nf6 4. e3 Bf5 5. Nc3 e6 6. Nh4 Bg6 7. Bd2 Nbd7 8. Qb3
Qc7 9. cxd5 exd5 10. g3 Be7 11. a4 Ne4 12. Nxe4 Bxh4 13. Qxb7 Qxb7 14. Nd6+ 1-0

[Event "4. Moscu Open 2008"]
[Site "Moscu RUS"]
[Date "2008.02.03"]
[Round "2.16"]
[White "Chadaev, Nikolai"]
[Black "Asrian, Karen"]
[Result "1/2-1/2"]
[WhiteElo "2471"]
[BlackElo "2621"]
[PlyCount "52"]
[EventDate "2008.02.02"]
[EventType "swiss"]
[EventRounds "9"]
[EventCountry "RUS"]
[Source "lmi"]
[SourceDate "2008.02.02"]

1. e4 e6 2. d4 d5 3. e5 c5 4. c3 Nc6 5. Nf3 Qb6 6. a3 c4 7. Nbd2 Na5 8. g3 Bd7
9. Bh3 Be7 10. O-O h5 11. Ne1 h4 12. g4 O-O-O 13. Ng2 Nh6 14. Nf3 Nb3 15. Rb1
Nxc1 16. Qxc1 g5 17. Nxg5 Rdg8 18. f4 Qd8 19. Qd2 f6 20. exf6 Bxf6 21. Rbe1
Bxg5 22. fxg5 Rxg5 23. Re5 Rg7 24. g5 Nf7 25. Rxf7 Rxf7 26. Nf4 Rg8 1/2-1/2

[Event "4. Moscu Open 2008"]
[Site "Moscu RUS"]
[Date "2008.02.03"]
[Round "2.17"]
[White "Gutov, Andrey"]
[Black "Guseinov, Gadir"]
[Result "1/2-1/2"]
[WhiteElo "2467"]
[BlackElo "2617"]
[PlyCount "50"]
[EventDate "2008.02.02"]
[EventType "swiss"]
[EventRounds "9"]
[EventCountry "RUS"]
[Source "lmi"]
[SourceDate "2008.02.02"]

1. d4 Nf6 2. c4 g6 3. Nc3 Bg7 4. e4 d6 5. f3 O-O 6. Be3 c5 7. dxc5 dxc5 8. Qxd8
Rxd8 9. Bxc5 Nc6 10. Ba3 a5 11. Rd1 Be6 12. Nd5 Bxd5 13. cxd5 Nb4 14. Bb5 Rac8
15. Ne2 Nc2+ 16. Kf2 Nxa3 17. bxa3 Rc2 18. Rd3 Rxa2 19. Rc1 Rb2 20. a4 Ne8 21.
Bxe8 Rxe8 22. Rc4 b5 23. axb5 Rxb5 24. f4 Bb2 25. Nd4 Bxd4+ 1/2-1/2

[Event "4. Moscu Open 2008"]
[Site "Moscu RUS"]
[Date "2008.02.03"]
[Round "2.18"]
[White "Ivanov, Oleg V"]
[Black "Smirin, Ilia"]
[Result "1-0"]
[WhiteElo "2454"]
[BlackElo "2616"]
[PlyCount "85"]
[EventDate "2008.02.02"]
[EventType "swiss"]
[EventRounds "9"]
[EventCountry "RUS"]
[Source "lmi"]
[SourceDate "2008.02.02"]

1. e4 c5 2. Nf3 e6 3. d4 cxd4 4. Nxd4 a6 5. Nc3 Qc7 6. g3 Bb4 7. Bd2 Nf6 8. Bg2
Nc6 9. Nb3 Be7 10. O-O O-O 11. g4 d5 12. exd5 Nb4 13. dxe6 Bxe6 14. h3 Rad8 15.
a3 Nc6 16. Qf3 h5 17. g5 Nh7 18. Bf4 Bd6 19. Bxd6 Qxd6 20. Qxh5 Qf4 21. Nc5
Nxg5 22. N3e4 Rd5 23. Nd3 Qf5 24. Nxg5 Qxg5 25. Qxg5 Rxg5 26. Kh2 Rd8 27. Rad1
Rb5 28. b4 Bc4 29. Bxc6 bxc6 30. Nc5 Ra8 31. Rfe1 a5 32. Rd4 Be6 33. Nxe6 fxe6
34. Rxe6 axb4 35. axb4 c5 36. Rd5 Rxb4 37. Rxc5 Rf8 38. Kg2 Rbf4 39. Re2 R8f6
40. Rg5 Rc4 41. Rg4 Rc3 42. Rg3 Rcc6 43. Rf3 1-0

[Event "4. Moscu Open 2008"]
[Site "Moscu RUS"]
[Date "2008.02.03"]
[Round "2.19"]
[White "Sitnikov, Anton"]
[Black "Burmakin, Vladimir"]
[Result "0-1"]
[WhiteElo "2450"]
[BlackElo "2611"]
[PlyCount "118"]
[EventDate "2008.02.02"]
[EventType "swiss"]
[EventRounds "9"]
[EventCountry "RUS"]
[Source "lmi"]
[SourceDate "2008.02.02"]

1. b4 d5 2. Bb2 Nf6 3. Nf3 e6 4. b5 c5 5. e3 Nbd7 6. a4 a6 7. bxa6 bxa6 8. c4
Rb8 9. Ra2 Bd6 10. Na3 Qe7 11. d3 d4 12. e4 O-O 13. Be2 Ng4 14. O-O Nge5 15.
Nxe5 Nxe5 16. f4 Nc6 17. e5 Bc7 18. Bc1 Nb4 19. Rb2 Bd7 20. Bf3 Qe8 21. Be4
Bxa4 22. Qf3 f5 23. exf6 Rxf6 24. g4 Qd7 25. g5 Rff8 26. f5 exf5 27. Bxf5 Rxf5
28. Qxf5 Qxf5 29. Rxf5 Nxd3 30. Rxb8+ Bxb8 31. Bd2 Bc6 32. Rf1 Be4 33. h4 Bg3
34. h5 Ne5 35. Bf4 Bxf4 36. Rxf4 Nf3+ 37. Kf1 Nxg5 38. Rf2 Bf3 39. h6 gxh6 40.
Nb1 Be4 41. Nd2 Bd3+ 42. Ke1 Kg7 43. Rg2 a5 44. Nb3 Bxc4 45. Nxc5 Kf6 46. Kd1
h5 47. Rh2 Kg6 48. Kc2 Nf3 49. Rf2 Bd5 50. Kd3 Kf5 51. Nb3 Bxb3 52. Rxf3+ Ke5
53. Rf8 Be6 54. Ra8 Bf5+ 55. Kc4 h4 56. Rxa5+ Ke4 57. Ra4 h3 58. Kc5 h2 59.
Rxd4+ Kf3 0-1

[Event "4. Moscu Open 2008"]
[Site "Moscu RUS"]
[Date "2008.02.03"]
[Round "2.20"]
[White "Potkin, Vladimir"]
[Black "Looshnikov, Nikolai"]
[Result "1/2-1/2"]
[WhiteElo "2609"]
[BlackElo "2454"]
[PlyCount "98"]
[EventDate "2008.02.02"]
[EventType "swiss"]
[EventRounds "9"]
[EventCountry "RUS"]
[Source "lmi"]
[SourceDate "2008.02.02"]

1. d4 Nf6 2. c4 e6 3. Nf3 Bb4+ 4. Nbd2 O-O 5. a3 Bxd2+ 6. Qxd2 b6 7. e3 Bb7 8.
Be2 d6 9. O-O Nbd7 10. b4 a5 11. Bb2 Qe7 12. Rad1 axb4 13. axb4 Ra7 14. Ra1
Rfa8 15. Rxa7 Rxa7 16. Ra1 Rxa1+ 17. Bxa1 Qe8 18. Qa2 Qa8 19. Qxa8+ Bxa8 20. b5
Ne4 21. Ne1 d5 22. Nc2 dxc4 23. Bxc4 Nd6 24. Be2 c6 25. Na3 f5 26. f3 Kf7 27.
Kf2 Nf6 28. Nc4 Nxc4 29. Bxc4 Ne8 30. bxc6 Bxc6 31. Bc3 Nf6 32. Bd2 g5 33. Kg3
Nh5+ 34. Kf2 Nf6 35. Ke2 g4 36. Be1 gxf3+ 37. gxf3 Nd5 38. Bd3 Nf6 39. Bg3 Ke7
40. Be1 Kf7 41. Bb4 Nd5 42. Bd6 Bb5 43. Bxb5 Nc3+ 44. Kd3 Nxb5 45. Bg3 Ke7 46.
e4 fxe4+ 47. fxe4 Kd7 48. Be1 Kc6 49. Ke3 Kd7 1/2-1/2

[Event "4. Moscu Open 2008"]
[Site "Moscu RUS"]
[Date "2008.02.03"]
[Round "2.21"]
[White "Kim, Alexey"]
[Black "Vitiugov, Nikita"]
[Result "1-0"]
[WhiteElo "2314"]
[BlackElo "2609"]
[PlyCount "75"]
[EventDate "2008.02.02"]
[EventType "swiss"]
[EventRounds "9"]
[EventCountry "RUS"]
[Source "lmi"]
[SourceDate "2008.02.02"]

1. e4 c5 2. Nf3 e6 3. d4 cxd4 4. Nxd4 a6 5. Bd3 Bc5 6. Nb3 Be7 7. c4 d6 8. Nc3
b6 9. Be3 Nd7 10. Rc1 Bb7 11. Bb1 Ngf6 12. O-O Rc8 13. Qe2 O-O 14. f4 Re8 15.
Nd2 Bf8 16. g4 g6 17. h3 Bg7 18. Bf2 Nb8 19. Nf3 Qc7 20. Bd3 d5 21. cxd5 Qxf4
22. Kg2 Qc7 23. Bg3 Qd8 24. d6 Nfd7 25. e5 Bxf3+ 26. Rxf3 Nc6 27. Bxa6 Nd4 28.
Qe3 Nxf3 29. Bxc8 Nfxe5 30. Nb5 Nc5 31. Bxe5 Qxc8 32. Bxg7 Kxg7 33. Nc7 Rf8 34.
b4 Qb7+ 35. Kg1 Nd7 36. a4 e5 37. a5 bxa5 38. bxa5 1-0

[Event "4. Moscu Open 2008"]
[Site "Moscu RUS"]
[Date "2008.02.03"]
[Round "2.22"]
[White "Kuzubov, Yuriy"]
[Black "Khusnutdinov, Rustam"]
[Result "1-0"]
[WhiteElo "2606"]
[BlackElo "2452"]
[PlyCount "63"]
[EventDate "2008.02.02"]
[EventType "swiss"]
[EventRounds "9"]
[EventCountry "RUS"]
[Source "lmi"]
[SourceDate "2008.02.02"]

1. d4 d5 2. c4 c6 3. Nf3 Nf6 4. e3 a6 5. Qc2 g6 6. Bd3 Bg7 7. O-O O-O 8. Nc3 b5
9. b3 Nbd7 10. e4 b4 11. Na4 dxe4 12. Bxe4 Nxe4 13. Qxe4 Nf6 14. Qf4 Bf5 15.
Re1 Qd6 16. Qh4 Bg4 17. Ne5 Bf5 18. h3 Rac8 19. Nf3 Rfe8 20. Bf4 Qd8 21. Be5 h6
22. Qf4 e6 23. Nc5 g5 24. Qd2 g4 25. hxg4 Nxg4 26. Nb7 Nxe5 27. Nxd8 Nxf3+ 28.
gxf3 Rexd8 29. Qxb4 Bxd4 30. Rad1 c5 31. Qb7 Kg7 32. Kf1 1-0

[Event "4. Moscu Open 2008"]
[Site "Moscu RUS"]
[Date "2008.02.03"]
[Round "2.23"]
[White "Yatsenko, Alexey"]
[Black "Bocharov, Dmitry"]
[Result "1/2-1/2"]
[WhiteElo "2442"]
[BlackElo "2600"]
[PlyCount "103"]
[EventDate "2008.02.02"]
[EventType "swiss"]
[EventRounds "9"]
[EventCountry "RUS"]
[Source "lmi"]
[SourceDate "2008.02.02"]

1. Nf3 c5 2. e4 g6 3. c3 Bg7 4. d4 cxd4 5. cxd4 d5 6. exd5 Nf6 7. Nc3 Nxd5 8.
Be2 O-O 9. O-O Nc6 10. Bg5 h6 11. Be3 Nxe3 12. fxe3 e5 13. d5 Ne7 14. e4 Bd7
15. Qb3 b5 16. Kh1 Nc8 17. a4 bxa4 18. Nxa4 Bxa4 19. Qxa4 Nd6 20. Nd2 Qg5 21.
Qb4 Rfd8 22. Ra6 Rab8 23. Qc3 Qe7 24. Rfa1 Rb7 25. Bd3 Rdb8 26. b3 Bf8 27. Qc2
h5 28. Nc4 Nb5 29. Na5 Nd4 30. Qd1 Rb6 31. Nc6 Nxc6 32. dxc6 Rxa6 33. Bxa6 Rd8
34. Qf1 Kg7 35. Bc4 Rc8 36. Bd5 Rc7 37. Qc4 Qd6 38. Rf1 f6 39. g3 Be7 40. Qb5
Qd8 41. Kg2 Qc8 42. Qc4 Qe8 43. Rf2 Bd8 44. b4 Re7 45. b5 Bb6 46. Rf1 Qc8 47.
Qb4 Qc7 48. Bb3 Re8 49. Rd1 Bd4 50. Qc4 Qe7 51. Rc1 Bb6 52. Rd1 1/2-1/2

[Event "4. Moscu Open 2008"]
[Site "Moscu RUS"]
[Date "2008.02.03"]
[Round "2.24"]
[White "Smirnov, Pavel"]
[Black "Kuznetsov, Viktor"]
[Result "1-0"]
[WhiteElo "2599"]
[BlackElo "2590"]
[PlyCount "79"]
[EventDate "2008.02.02"]
[EventType "swiss"]
[EventRounds "9"]
[EventCountry "RUS"]
[Source "lmi"]
[SourceDate "2008.02.02"]

1. e4 c5 2. Nf3 Nc6 3. Bb5 d6 4. O-O Bd7 5. Re1 Nf6 6. c3 a6 7. Ba4 e5 8. h3
Be7 9. d4 b5 10. Bc2 O-O 11. d5 Na5 12. Nbd2 c4 13. b4 cxb3 14. axb3 Qc7 15. b4
Nc4 16. Nxc4 Qxc4 17. Ra3 Rfc8 18. Bd3 Qc7 19. Qe2 h6 20. Be3 a5 21. Nd2 axb4
22. Rxa8 Rxa8 23. cxb4 Qc3 24. Rb1 Ra1 25. Qd1 Rxb1 26. Qxb1 Nh5 27. Qb3 Qc1+
28. Nf1 Qa1 29. Qc2 Bd8 30. Qe2 Nf4 31. Bxf4 exf4 32. Bxb5 Qa7 33. Bxd7 Qxd7
34. Qa6 Bh4 35. Qc6 Qe7 36. Qc8+ Qd8 37. Qxd8+ Bxd8 38. Nd2 Kf8 39. Nc4 Ke7 40.
Kf1 1-0

[Event "4. Moscu Open 2008"]
[Site "Moscu RUS"]
[Date "2008.02.03"]
[Round "2.25"]
[White "Mozharov, Mikhail"]
[Black "Popov, Ivan"]
[Result "1/2-1/2"]
[WhiteElo "2434"]
[BlackElo "2590"]
[PlyCount "105"]
[EventDate "2008.02.02"]
[EventType "swiss"]
[EventRounds "9"]
[EventCountry "RUS"]
[Source "lmi"]
[SourceDate "2008.02.02"]

1. d4 Nf6 2. c4 e6 3. Nf3 b6 4. g3 Ba6 5. b3 Bb4+ 6. Bd2 Be7 7. Nc3 d5 8. cxd5
exd5 9. Bg2 O-O 10. O-O c6 11. Re1 Nbd7 12. Qc2 Rc8 13. Bh3 Bd6 14. Bg5 h6 15.
Bxd7 Qxd7 16. Bxf6 gxf6 17. Qd2 Kg7 18. Nh4 Rce8 19. e4 dxe4 20. Nxe4 Be7 21.
g4 Qxg4+ 22. Ng3 Bc8 23. Re4 Qg5 24. Qe2 f5 25. Rxe7 Rxe7 26. Qxe7 Qxe7 27.
Nhxf5+ Bxf5 28. Nxf5+ Kf6 29. Nxe7 Kxe7 30. Re1+ Kf6 31. Re4 Rg8+ 32. Kf1 Rg5
33. Rf4+ Ke6 34. Re4+ Kf6 35. f3 Ra5 36. a4 Rh5 37. h4 b5 38. axb5 cxb5 39. Kf2
a5 40. Ke3 a4 41. bxa4 bxa4 42. d5 Re5 43. Kd4 Rxe4+ 44. fxe4 h5 45. Kc4 Ke5
46. Kb4 f5 47. exf5 Kxd5 48. Kxa4 Ke5 49. Kb4 Kxf5 50. Kc3 Kg4 51. Kd2 Kxh4 52.
Ke2 Kg3 53. Kf1 1/2-1/2

[Event "4. Moscu Open 2008"]
[Site "Moscu RUS"]
[Date "2008.02.03"]
[Round "2.26"]
[White "Yakovich, Yuri"]
[Black "Lavrik, Dmitry"]
[Result "1/2-1/2"]
[WhiteElo "2595"]
[BlackElo "2434"]
[PlyCount "43"]
[EventDate "2008.02.02"]
[EventType "swiss"]
[EventRounds "9"]
[EventCountry "RUS"]
[Source "lmi"]
[SourceDate "2008.02.02"]

1. Nf3 d5 2. d4 Nf6 3. c4 c6 4. e3 e6 5. Bd3 Nbd7 6. O-O dxc4 7. Bxc4 b5 8. Bd3
Bb7 9. e4 a6 10. a4 c5 11. e5 c4 12. exf6 cxd3 13. fxg7 Bxg7 14. Bg5 Bf6 15.
Bxf6 Qxf6 16. Qxd3 Bxf3 17. Qxf3 Qxf3 18. gxf3 Rg8+ 19. Kh1 Ke7 20. Nc3 bxa4
21. d5 Ne5 22. Rxa4 1/2-1/2

[Event "4. Moscu Open 2008"]
[Site "Moscu RUS"]
[Date "2008.02.03"]
[Round "2.27"]
[White "Balashov, Yuri S"]
[Black "Kazhgaleyev, Murtas"]
[Result "0-1"]
[WhiteElo "2421"]
[BlackElo "2594"]
[PlyCount "50"]
[EventDate "2008.02.02"]
[EventType "swiss"]
[EventRounds "9"]
[EventCountry "RUS"]
[Source "lmi"]
[SourceDate "2008.02.02"]

1. c4 e5 2. Nc3 Nc6 3. g3 g6 4. Bg2 Bg7 5. d3 d6 6. Nf3 f5 7. O-O h6 8. e4 Nge7
9. Rb1 O-O 10. b4 f4 11. gxf4 exf4 12. d4 g5 13. h3 g4 14. hxg4 Bxg4 15. Ne2
Ng6 16. b5 Bxf3 17. Bxf3 Qg5+ 18. Kh2 Qh4+ 19. Kg2 Qg5+ 20. Kh2 Nxd4 21. Nxd4
Bxd4 22. Qxd4 Ne5 23. Rb3 Qh4+ 24. Kg2 Kh7 25. Rh1 Rg8+ 0-1

[Event "4. Moscu Open 2008"]
[Site "Moscu RUS"]
[Date "2008.02.03"]
[Round "2.28"]
[White "Borisenko, Andrei"]
[Black "Oleksienko, Mikhailo"]
[Result "1/2-1/2"]
[WhiteElo "2420"]
[BlackElo "2590"]
[PlyCount "48"]
[EventDate "2008.02.02"]
[EventType "swiss"]
[EventRounds "9"]
[EventCountry "RUS"]
[Source "lmi"]
[SourceDate "2008.02.02"]

1. e4 c5 2. Nf3 Nc6 3. Bb5 g6 4. O-O Bg7 5. Re1 Nf6 6. e5 Nd5 7. b3 O-O 8. Bb2
Nc7 9. Bxc6 dxc6 10. h3 Ne6 11. d3 Nd4 12. Nbd2 Qd5 13. a4 Bf5 14. g4 Be6 15.
Re4 Nxf3+ 16. Qxf3 Qd7 17. Qg3 b6 18. Rae1 Rae8 19. f4 f5 20. exf6 exf6 21. Qe3
Bf7 22. Re7 Qc8 23. Qf2 Rxe7 24. Rxe7 Re8 1/2-1/2

[Event "4. Moscu Open 2008"]
[Site "Moscu RUS"]
[Date "2008.02.03"]
[Round "2.29"]
[White "Savchenko, Boris"]
[Black "Pruess, David"]
[Result "1-0"]
[WhiteElo "2589"]
[BlackElo "2431"]
[PlyCount "55"]
[EventDate "2008.02.02"]
[EventType "swiss"]
[EventRounds "9"]
[EventCountry "RUS"]
[Source "lmi"]
[SourceDate "2008.02.02"]

1. d4 Nf6 2. c4 c5 3. Nf3 cxd4 4. Nxd4 e6 5. Nc3 a6 6. e4 d6 7. f4 Qc7 8. Bd3
Nbd7 9. O-O g6 10. f5 e5 11. Nc2 b6 12. Ne3 Bb7 13. Ned5 Nxd5 14. Nxd5 Bxd5 15.
cxd5 Qc5+ 16. Kh1 Be7 17. Qe2 Qc8 18. Bh6 Bf6 19. Rac1 Qb7 20. Rc6 Ke7 21. g4
Rhc8 22. g5 Bh8 23. f6+ Ke8 24. Rfc1 Nc5 25. Bg7 Bxg7 26. fxg7 Ke7 27. Qf3 Nd7
28. Rf1 1-0